Statistics for Geography Questions #17: Longest Rivers

Click here to take the quiz!

General Stats

  • This quiz has been taken 129 times
  • The average score is 5 of 8

Answer Stats

___ LongestAnswer% Correct
2nd longestAmazon River
100%
LongestNile River
98%
4th longestMississippi-Missouri River
93%
6th longestYellow River
83%
3rd longestYangtze River
57%
7th longestOb-Irtysh River
40%
8th longestParaña River
20%
5th longestYenisei River
20%

Score Distribution

Percentile by Number Answered

Percent of People with Each Score

Your Score History

You have not taken this quiz